Statistics for Qatar Airways Destinations ( with countries hints )

Click here to take the quiz!

General Stats

  • This quiz has been taken 135 times
  • The average score is 105 of 144

Answer Stats

Country Destination % Correct
USANew York JFK
97%
UKLondon ( Heathrow+Gatwick)
94%
RussiaMoscow
94%
South AfricaJohannesburg
94%
ItalyRome
93%
SpainMadrid
93%
South AfricaCape Town
93%
FranceParis
93%
HungaryBudapest
91%
ItalyMilan
91%
SpainBarcelona
91%
IrelandDublin
91%
TurkeyIstanbul ( Sabiha Gökcen+ Atatürk)
91%
GermanyBerlin
91%
NetherlandsAmsterdam
91%
BelgiumBrussels
91%
NorwayOslo
91%
SwedenStockholm
91%
GreeceAthens
91%
FinlandHelsinki
91%
USALos Angeles
91%
USAChicago
90%
RussiaSt Petersburg
90%
SwitzerlandZurich
90%
AustriaVienna
90%
TunisiaTunis
90%
GermanyMunich
90%
PolandWarsaw
90%
KenyaNairobi
89%
DenmarkCopenhagen
89%
AustraliaSydney
89%
UKManchester
89%
JapanTokyo ( Haneda+Narita)
89%
ChinaBeijing
89%
GermanyFrankfurt
89%
USAWashington DC
88%
BrazilSao Paulo
88%
SingaporeSingapore
88%
ChinaShanghai
88%
IranTehran
87%
PhilippinesManila
87%
Hong KongHong Kong
87%
SwitzerlandGeneva
87%
AustraliaMelbourne
87%
IndiaDelhi
87%
New ZealandAuckland
87%
TurkeyAnkara
87%
UKEdinburgh
87%
NigeriaLagos
86%
USAMiami
86%
ThailandBangkok
86%
South KoreaSeoul
86%
CzechiaPrague
86%
IndiaMumbai
86%
UkraineKiev
86%
IndonesiaJakarta
85%
IraqBaghdad
85%
MalaysiaKuala Lumpur
85%
ItalyVenice
85%
AustraliaPerth
85%
BangladeshDhaka
85%
AlgeriaAlgiers
84%
EthiopiaAddis-ababa
84%
VietnamHo Chi Minh City
84%
CroatiaZagreb
84%
KuwaitKuwait City
84%
VietnamHanoi
84%
AzerbaijanBaku
83%
Sri LankaColombo
83%
USABoston
83%
USAAtlanta
83%
OmanMuscat
83%
BulgariaSofia
83%
CanadaMontréal
82%
NepalKathmandu
82%
LebanonBeirut
82%
RomaniaBucharest
81%
DjiboutiDjibouti
81%
PakistanIslamabad
81%
SerbiaBelgrade
80%
MoroccoCasablanca
80%
JordanAmman
80%
USAHouston
80%
UKBirmingham
80%
SwedenGothenburg
79%
BosniaSarajevo
79%
PakistanKarachi
78%
ChinaGuangzhou
78%
IndiaKolkata
77%
FranceNice
77%
MaldivesMale
76%
TanzaniaDar-es-Salaam
76%
SudanKhartoum
74%
PakistanLahore
74%
USAPhiladelphia
74%
GeorgiaTbilisi
73%
AustraliaAdelaide
72%
IndiaChennai
72%
ArmeniaYerevan
72%
ThailandPhuket
72%
NamibiaWindhoek
71%
MacedoniaSkopje
70%
IndiaBangalore
70%
UKCardiff
69%
IndiaHyderabad
69%
IndonesiaDenpasar
68%
USADallas Fort-Worth
67%
MyanmarYangon
67%
MozambiqueMaputo
66%
SeychellesVictoria
66%
GreeceThessaloniki
64%
IndiaAhmedabad
62%
ChinaChengdu
60%
KenyaMombasa
59%
CyprusLarnaca
49%
IndiaGoa
49%
ThailandChiang Mai
48%
VietnamDa Nang
46%
TanzaniaZanzibar
45%
IraqBasra
45%
IranIsfahan
44%
IraqErbil
44%
IranMashhad
43%
ItalyPisa
41%
ChinaChongqing
41%
UgandaEntebbe
41%
PakistanPeshawar
37%
MalaysiaPenang
35%
IranShiraz
34%
OmanSalalah
33%
ChinaHangzhou
32%
IndiaNagpur
31%
PakistanMultan
31%
TurkeyAdana
31%
PhilippinesAngeles City
31%
IndiaAmritsar
30%
TanzaniaKilimanjaro
30%
PakistanFaisalabad
29%
ThailandKrabi
29%
IndiaThiruvananthapuram
28%
IraqNajaf
19%
IndiaKozhikode
15%
OmanSohar
12%
IraqSulaymaniyah
9%

Score Distribution

Percentile by Number Answered

Percent of People with Each Score

Your Score History

You have not taken this quiz